Normal view
MARC view
Entry Personal Name
001 - CONTROL NUMBER
- control field: 251641
003 - CONTROL NUMBER IDENTIFIER
- control field: St Aloysius Coll
005 - DATE AND TIME OF LATEST TRANSACTION
- control field: 20260117164916.0
008 - FIXED-LENGTH DATA ELEMENTS
- fixed length control field: 260117|| aca||aabn | a|a d
040 ## - CATALOGING SOURCE
- Original cataloging agency: St Aloysius Coll
- Transcribing agency: St Aloysius Coll
100 ## - HEADING--PERSONAL NAME
- Personal name: Olivie Blake
670 ## - SOURCE DATA FOUND
- Source citation: Work cat.: (St Aloysius Coll)240784: Olivie Blake, Alone with you in the ether, 2022